La CONEAU y el sistema universitario argentino (Registro nro. 4223)

Detalles MARC
000 -CABECERA
campo de control de longitud fija 01062aam a2200301 a 4500
001 - NÚMERO DE CONTROL
campo de control 001357983
003 - IDENTIFICADOR DEL NÚMERO DE CONTROL
campo de control AR-RoIUNI
005 - FECHA Y HORA DE LA ÚLTIMA TRANSACCIÓN
campo de control 20190108154752.0
007 - CAMPO FIJO DE DESCRIPCIÓN FÍSICA--INFORMACIÓN GENERAL
campo de control de longitud fija ta
008 - DATOS DE LONGITUD FIJA--INFORMACIÓN GENERAL
campo de control de longitud fija 160608s2012 ag do gr f001 0 spa
015 ## - NÚMERO DE BIBLIOGRAFÍA NACIONAL
Número de bibliografía nacional AR-2012
020 ## - NÚMERO INTERNACIONAL ESTÁNDAR DEL LIBRO
Número Internacional Estándar del Libro 9789872708368
040 ## - FUENTE DE LA CATALOGACIÓN
Centro catalogador/agencia de origen AR-BaBN
Centro/agencia transcriptor AR-RoIUNI
043 ## - CÓDIGO DE ÁREA GEOGRÁFICA
Código de área geográfica s-ag---
080 1# - NÚMERO DE LA CLASIFICACIÓN DECIMAL UNIVERSAL
Número de la Clasificación Decimal Universal 378 CON
110 2# - ENTRADA PRINCIPAL--NOMBRE DE ENTIDAD CORPORATIVA
Nombre de entidad corporativa o nombre de jurisdicción como elemento de entrada CONEAU (Argentina)
245 13 - MENCIÓN DE TÍTULO
Título La CONEAU y el sistema universitario argentino
Resto del título memoria 1996-2011
Mención de responsabilidad, etc. prólogo de Néstor Pan.
260 ## - PUBLICACIÓN, DISTRIBUCIÓN, ETC. (PIE DE IMPRENTA)
Lugar de publicación, distribución, etc. Buenos Aires :
Nombre del editor, distribuidor, etc. Coneau,
Fecha de publicación, distribución, etc. 2012.
300 ## - DESCRIPCIÓN FÍSICA
Extensión 71 p. :
Otras características físicas il., diágrs., fot. byn y col. ;
Dimensiones 28 cm.
650 #4 - PUNTO DE ACCESO ADICIONAL DE MATERIA--TÉRMINO DE MATERIA
Término de materia o nombre geográfico como elemento inicial Universidades públicas
Subdivisión geográfica Argentina
Subdivisión de forma Estadísticas
650 10 - PUNTO DE ACCESO ADICIONAL DE MATERIA--TÉRMINO DE MATERIA
Término de materia o nombre geográfico como elemento inicial Educación Superior
9 (RLIN) 489
700 1# - PUNTO DE ACCESO ADICIONAL--NOMBRE DE PERSONA
Nombre de persona Pan, Néstor
Término indicativo de función/relación prologuista
856 41 - LOCALIZACIÓN Y ACCESO ELECTRÓNICOS
Tipo de formato electrónico PDF
Identificador Uniforme del Recurso <a href="http://www.coneau.gov.ar/archivos/publicaciones/documentos/La_CONEAU_y_el_sistema_universitario_argentino.pdf">http://www.coneau.gov.ar/archivos/publicaciones/documentos/La_CONEAU_y_el_sistema_universitario_argentino.pdf</a>
Nota pública Obra completa en PDF
930 #1 - EQUIVALENCIA O REFERENCIA CRUZADA-ENCABEZAMIENTO DE TÍTULO UNIFORME [LOCAL, CANADÁ]
Lenguaje de la obra BNA01
Medio de interpretación para música LIBRO
Enlace 01017723
Enlace entre campo y número de secuencia 20160608
Fecha de publicación/de la obra 11
942 ## - ELEMENTOS DE PUNTO DE ACCESO ADICIONAL (KOHA)
Fuente del sistema de clasificación o colocación Clasificación Decimal Universal
Tipo de ítem Koha Libros
956 ## - LOCALIZACIÓN Y ACCESO ELECTRÓNICOS LOCAL (OCLC)
Nombre del host FORTIZ
Número de acceso 20
Información sobre la compresión 20160608
Proceso de conexión (Logon) BNA01
Procesador de la petición 1212
956 ## - LOCALIZACIÓN Y ACCESO ELECTRÓNICOS LOCAL (OCLC)
Nombre del host FORTIZ
Número de acceso 20
Información sobre la compresión 20160608
Proceso de conexión (Logon) BNA01
Procesador de la petición 1215
Existencias
Estado de retiro Estado de pérdida Fuente del sistema de clasificación o colocación Estado dañado Excepción de préstamo Código de colección Localización permanente Ubicación/localización actual Ubicación en estantería Fecha de adquisición Número de inventario Total de préstamos Signatura topográfica completa Código de barras Fecha visto por última vez Precio válido a partir de Tipo de ítem Koha
    Clasificación Decimal Universal     Metodología BIBLIOTECA CENTRAL BIBLIOTECA CENTRAL BIBLIOTECA CENTRAL 08/01/2019 4783   378 CON 4783c 08/01/2019 08/01/2019 Libros
    Clasificación Decimal Universal     Metodología BIBLIOTECA CENTRAL BIBLIOTECA CENTRAL BIBLIOTECA CENTRAL 03/05/2021 6905   378 CON 6905 03/05/2021 03/05/2021 Libros